000
00315nas a2200145 a 4500
001
69444
003
143313
005
20201118110646.0
008
||||||n9999 ||| || ||
245
0
_a
Convergencia - Vol.1 No.2
260
_c
1997.
562
_e
1
773
_0
58262
_a
Convergencia :
942
_c
SISS
999
_c
69444
_d
69444